000 00400nam a2200157Ia 4500
008 230917s9999||||xx |||||||||||||| ||und||
040 _e80451
_aMAIN
041 _aEnglish
082 _a342.7 A92L(5)
100 _aPanel of Legal Commentators
245 0 _aLaw relating to human rights
250 _a5th ed.
260 _aHyderabad
_bAsia Law House
_c1999
300 _avii, 204 p.
942 _cBK
999 _c103999
_d103999